US States: After T Quiz Stats

 Plays Quiz not verified by Sporcle

Challenge
Share
Tweet
Embed
Score 0/10 Timer 02:00
0 Plays Today
Letter after T Name of State % Correct
AMinnesota
99%
ETennessee
96.9%
HNorth Carolina
95.9%
-Connecticut
90.7%
SMassachusetts
87.6%
TMassachusetts
87.6%
OWashington
86.6%
IConnecticut
84.5%
VWest Virginia
76.3%
UKentucky
66%

You're not logged in!

Compare scores with friends on all Sporcle quizzes.
OR
Log In

You Might Also Like...

Show Comments

Extras

Top Quizzes Today


Score Distribution

Your Account Isn't Verified!

In order to create a playlist on Sporcle, you need to verify the email address you used during registration. Go to your Sporcle Settings to finish the process.

Report this User

Report this user for behavior that violates our Community Guidelines.

Details: